सबद शिल्पीः डॉ. शुकदेव सिंह / (Record no. 36583)

MARC details
000 -LEADER
fixed length control field 01295nam a22002537a 4500
005 - DATE AND TIME OF LATEST TRANSACTION
control field 20100605102842.0
008 - FIXED-LENGTH DATA ELEMENTS--GENERAL INFORMATION
fixed length control field 100605t xxu||||| |||| 00| 0 hin d
010 ## - LCCN (DPL NO)
LC control number HIN-89497
020 ## - INTERNATIONAL STANDARD BOOK NUMBER
International Standard Book Number 9788171247141
Terms of availability 600.00
035 ## - SYSTEM CONTROL NUMBER
System control number HN-61843
037 ## - SOURCE OF ACQUISITION
Source of stock number/acquisition DBAD / PUB
040 ## - CATALOGING SOURCE
Original cataloging agency DPL
Language of cataloging HN
082 ## - DEWEY DECIMAL CLASSIFICATION NUMBER
Classification number 808.883
245 ## - TITLE STATEMENT
Title सबद शिल्पीः डॉ. शुकदेव सिंह /
Statement of responsibility, etc संत विवेकदास ;रामदरश मिश्र एवं भगवन्ती सिंह द्वारा संपादित
246 ## - VARYING FORM OF TITLE
Title proper/short title Sabada Shilpi: Shukdeo Singh
Remainder of title Ed by Sant Vivekdas Acharya
260 ## - PUBLICATION, DISTRIBUTION, ETC. (IMPRINT)
Place of publication, distribution, etc वाराणसी
Name of publisher, distributor, etc विश्वविद्यालय प्रकाशन
Date of publication, distribution, etc 2009
270 ## - ADDRESS
Address पो.बॉ 1149, विशालाक्षी भवन, चौक
City वाराणसी
Postal code 221001
300 ## - PHYSICAL DESCRIPTION
Extent xxiv,508पृ
Dimensions 22सेमी (सजिल्द)
700 ## - ADDED ENTRY--PERSONAL NAME
Personal name संत विवेकदास
9 (RLIN) 23014
700 ## - ADDED ENTRY--PERSONAL NAME
Personal name मिश्र, रामदरश
9 (RLIN) 23015
700 ## - ADDED ENTRY--PERSONAL NAME
Personal name भगवन्ती सिंह
9 (RLIN) 23016
942 ## - ADDED ENTRY ELEMENTS (KOHA)
Source of classification or shelving scheme Dewey Decimal Classification
Item type Hindi Books
Call number suffix सबद
Classification part 808.883
Holdings
Withdrawn status Lost status Source of classification or shelving scheme Damaged status Not for loan Collection code Home library Current library Date acquired Source of acquisition Cost, normal purchase price Total Checkouts Full call number Barcode Date last seen Copy number Cost, replacement price Koha item type
    Dewey Decimal Classification   Not For Loan Non-fiction D.B.Act.Division D.B.Act.Division 07/06/2010 DBAD / PUB 600.00   सबद HN-61843 07/06/2010 1 600.00 Hindi Books

© Delhi Public Library
Hit Counter
free hit counter